Tâm lý học.

Na minha lista:
Detalhes bibliográficos
Formato: Periódico
Idioma:Vietnamese
Publicado em: Hà Nội : Viện Khoa học xã hội Việt Nam.
Assuntos:
Tags: Adicionar Tag
Sem tags, seja o primeiro a adicionar uma tag!
Thư viện lưu trữ: Mạng thư viện Đại học Đà Nẵng
LEADER 00748cas a2200313 a 4500
001 000043242
003 1163
005 20110906081203.0
008 010217b vm 000 vie
022 |a 1859-0098 
040 |a IRC  |c IRC  |d IRC 
041 0 |a vie 
082 1 4 |a 150  |b Tâ-L 
245 0 0 |a Tâm lý học. 
246 0 1 |a Psychology. 
260 |a Hà Nội :  |b Viện Khoa học xã hội Việt Nam. 
300 |c 26 cm. 
310 |a Báo tháng. 
650 0 4 |a Tâm lý học  |v Tạp chí. 
653 |a Tâm lý học. 
OWN |a DUT 
999 |a From the UDN01 
TYP |a Printed language 
980 |a Mạng thư viện Đại học Đà Nẵng